Divided U.S. Presidents Name Puzzle - Statistics

General Stats
  • This quiz has been taken 771 times
  • The average score is 16 of 20
Answer Stats
Team Name % Correct
RO OSE VELT Roosevelt
97%
EIS ENHO WER Eisenhower
93%
CLE VEL AND Cleveland
89%
LI NCO LN Lincoln
89%
BUC HAN AN Buchanan
86%
KE NNE DY Kennedy
84%
HA RRI SON Harrison
83%
O BA MA Obama
81%
CO OLI DGE Coolidge
80%
FI LLM ORE Fillmore
80%
CL IN TON Clinton
78%
HO OV ER Hoover
75%
MA DIS ON Madison
75%
RE AG AN Reagan
74%
GA RFI ELD Garfield
72%
CA RT ER Carter
69%
HA RD ING Harding
69%
VA NBU REN Van Buren
68%
AR TH UR Arthur
61%
PI ER CE Pierce
59%
No matching quizzes found
Score Distribution
Percent of People with Each Score
Percentile by Number Answered
Your Score History
You have not taken this quiz